Statistiche per Serie A Player of the Month - 2022-2023

Clicka qui per fare il quiz!

Statistiche generali

  • Questo quiz è stato fatto 81 volte
  • Il punteggio medio è 8 su 9

Statistiche sulle risposte

MeseNazioneSquadraCalciatore% Corretto
OttobrePortogalloMilanRafael Leão
99%
AprilePortogalloMilanRafael Leão
99%
SettembreCorea del SudNapoliKim Min-jae
97%
AgostoGeorgiaNapoliKhvicha Kvaratskhelia
96%
FebbraioGeorgiaNapoliKhvicha Kvaratskhelia
96%
MarzoGeorgiaNapoliKhvicha Kvaratskhelia
96%
GennaioNigeriaNapoliVictor Osimhen
92%
MaggioSenegalSalernitanaBoulaye Dia
85%
NovembreItaliaJuventusMoise Kean
55%

Distribuzione punteggi

Percentile per numero di risposta

Percentuale di utenti per punteggio

I tuoi punteggi nel tempo

Non hai fatto questo quiz